000 00680nam a22001937a 4500
005 20170707111120.0
020 _a9789332570016
_c775.00
035 _aB-668128
037 _bTechniz/Ven
_adpl
082 _a000
100 _a Sinha, Nishit K
245 _aQuantitative aptitude for the CAT /
_cby Nishit K. Sinha
250 _a4th ed.
260 _c2017
_aNew Delhi
_bPearson India
270 _a11, Community Centre, Panchsheel Park,
_bNew Delhi
_e110017
300 _c25cm(pbk)
_avarious pagings:
_bill.
942 _cEN
_2ddc
_h000
_mSIN
999 _c142356
_d142356